|
|
|
|
| LEADER |
01084nab a2200265 i 4500 |
| 001 |
publ9105 |
| 005 |
20191029152538.0 |
| 008 |
170503s2015 hu o 0|| zxx d |
| 022 |
|
|
|a 0020-7128
|
| 024 |
7 |
|
|a 10.1007/s00484-014-0929-y
|2 doi
|
| 024 |
7 |
|
|a 2763256
|2 mtmt
|
| 040 |
|
|
|a SZTE Publicatio Repozitórium
|b hun
|
| 041 |
|
|
|a zxx
|
| 100 |
1 |
|
|a Matyasovszky István
|
| 245 |
1 |
2 |
|a A new approach used to explore associations of current Ambrosia pollen levels with current and past meteorological elements.
|h [elektronikus dokumentum] /
|c Matyasovszky István
|
| 260 |
|
|
|c 2015
|
| 300 |
|
|
|a 1179-1188
|
| 490 |
0 |
|
|a INTERNATIONAL JOURNAL OF BIOMETEOROLOGY
|v 59 No. 9
|
| 700 |
0 |
1 |
|a Makra László
|e aut
|
| 700 |
0 |
1 |
|a Csépe Zoltán
|e aut
|
| 700 |
0 |
1 |
|a Deák Áron József
|e aut
|
| 700 |
0 |
2 |
|a Pál-Molnár Elemér
|e aut
|
| 700 |
0 |
2 |
|a Fülöp Andrea
|e aut
|
| 700 |
0 |
2 |
|a Tusnády Gábor
|e aut
|
| 856 |
4 |
0 |
|u http://publicatio.bibl.u-szeged.hu/9105/1/A_new_approach_used_to_explore_associations_of_current_Ambrosia_pollen_levels_with_current_and_past_meteorological_elements_u.pdf
|z Dokumentum-elérés
|